| 000 | 01169nam a22002897a 4500 | ||
|---|---|---|---|
| 003 | dpl | ||
| 005 | 20180912132907.0 | ||
| 008 | 180912b xxu||||| |||| 00| 0 eng d | ||
| 010 | _aB-071643 | ||
| 020 |
_c100.00 _a8170435412 |
||
| 035 | _aB-071643, B-071647 | ||
| 037 | _bCen Lib/Ret | ||
| 040 |
_aDPL _bHN _c0 |
||
| 082 |
_aक _bभुल्लर |
||
| 100 |
_aभुल्लर, जसबीर _970471 |
||
| 245 |
_aबर्फ का दानव / _cजसबीर भुल्लर; अनुवादक अमरीक सिंह दीप |
||
| 246 |
_aBarraf ka danav / _bby Jasbir Bhullar; anuvadak Amrik Singh Deep |
||
| 260 |
_aदिल्ली _bआत्माराम एंड संस _c2002 |
||
| 270 |
_aकश्मीरी गेट _bदिल्ली _e110006 |
||
| 300 |
_a95पृ. _c21सेमी (सजिल्द) |
||
| 650 |
_aपंजाबी साहित्य _970472 |
||
| 650 |
_aकहानियां _970473 |
||
| 650 |
_aPunjabi literature _9781 |
||
| 650 |
_aStories _97500 |
||
| 700 |
_aदीप, अमरीक सिंह _95807 |
||
| 942 |
_2ddc _cHN _hक _mभुल्लर |
||
| 999 |
_c117162 _d117162 |
||